000
00286nam a22001217a 4500
082
_a
823
_b
IRI/A
100
_a
IRINA, Z
100
_a
BERNARDI
245
_a
ALYONUSHKA - RUSSIAN FOLK TALES
260
_a
MOSCOW
_b
RADHUYA PUBLICATIONS
_c
1989
650
_a
ENGLISH STORY
_z
MOSCOW
942
_c
BK
999
_c
7416
_d
7416